000 01008nas a2200337 4500
001 BR2010000081
003 BR-BrBNA
005 20231205114026.0
007 ta
008 230509b bl.|||p| |||| 00| 00por d
040 _aBR-BrBNA
_bpor
_cBiblioteca Nacional de Agricultura
041 _a(Pt)
072 _aL40
100 1 _aToquetti, R. de C.
100 1 _aGuerra, R.R.
100 1 _aAmbrosio, C.E.
100 1 _aSantos, J.M.
100 1 _aFavaron, P.O.
100 1 _aFranciolli, A.L.R.
100 1 _aAlberto, M.V.
100 1 _aMeirelles, F.V.
100 1 _aMiglino, M.A.
245 1 _aMorfologia e funcionalidade do pneumócito tipo II e sua relação e variação com a idade gestacional em bovinos
650 _aBOVINO
650 _aMORFOLOGIA ANIMAL
650 _aPULMÃO
650 _aVETERINÁRIA
773 0 _tCiência Rural (Brazil)
_xISSN 0103-8478
_g(Nov 2009), v. 39(8) p. 2470-2477
_wBR2010000081
909 _a202311
_bLúcia
_c55
_dLúcia Elande
942 _2AGRIS
_n0
_cANA
999 _c206775
_d206775